Zach Galifianakis Filmography - Statistics

General Stats
  • This quiz has been taken 51 times
    7 since last reset
  • The average score is 16 of 120
Answer Stats
Type Year Name % Correct
Film 2009 The Hangover
83%
Film 2011 The Hangover Part II
83%
Film 2013 The Hangover Part III
83%
TV Show 2010, 2011, 2013 Saturday Night Live
67%
Film 2025 Lilo & Stitch
50%
Web Series 2024 Only Murders in the Building
50%
Film 2019 Between Two Ferns: The Movie
33%
Film 2014 Birdman or (The Unexpected Virtue of Ignorance)
33%
Film 2010 Due Date
33%
Film 2007 Into the Wild
33%
Film 2019 Missing Link
33%
Film 2021 Ron's Gone Wrong
33%
Film TBA The Gallerist
33%
TV Show 2014 The Simpsons
33%
Film 2008 What Happens in Vegas
33%
Stand-Up Special 2006 Zach Galifianakis: Live at the Purple Onion
33%
TV Show 1997 Apartment 2F
17%
Film 2013 Are You Here
17%
Web Mini-Series 2008 A Vodka Movie
17%
Film 2018 A Wrinkle in Time
17%
TV Show 2016 Bajillion Dollar Propertie$
17%
Short Film 2017 Batman Is Just Not That Into You
17%
TV Show 2009-2011 Bored to Death
17%
TV Show 1996-1997 Boston Common
17%
Film 2001 Bubble Boy
17%
Web Series 2018 Comedians in Cars Getting Coffee
17%
TV Show 2012, 2013, 2014, 2015 Comedy Bang! Bang!
17%
TV Show 2001 Comedy Central Presents
17%
Film 2001 Corky Romano
17%
Film 2010 Dinner for Schmucks
17%
Film 1999 Flushed
17%
TV Show 2010 Funny or Die Presents...
17%
Film | Video Game 2009 G-Force
17%
Film 2009 Gigantic
17%
Film 2001 Heartbreakers
17%
Film 2010 It's Kind of a Funny Story
17%
Documentary 2013 Justin Bieber's Believe
17%
Film 2016 Keeping Up with the Joneses
17%
TV Film 2004 Last Laugh '04
17%
TV Show 2002 Late World with Zach
17%
Film 2016 Masterminds
17%
Film 2014 Muppets Most Wanted
17%
TV Pilot 2002 Next!
17%
Film 2010 Operation: Endgame
17%
Film 2001 Out Cold
17%
Film 2011 Puss in Boots
17%
TV Show 2012 Reggie Makes Music
17%
TV Special 2025 SNL50: The Anniversary Special
17%
TV Show 2012 Space Ghost Coast to Coast
17%
Music Video 2013 Spring Break Anthem
17%
Short Film 2002 Stella Shorts
17%
Short Film 2009 The Ballad of G.I. Joe
17%
Film 2023 The Beanie Bubble
17%
Film 2012 The Campaign
17%
Stand-Up Special 2005 The Comedians of Comedy
17%
Stand-Up Special 2007 The Comedians of Comedy: Live at the Troubadour
17%
TV Show 2017 The Gong Show
17%
Short Film 1999 The King and Me
17%
Film 2017 The Lego Batman Movie
17%
Film 2024 Thelma the Unicorn
17%
Film 2011 The Muppets
17%
Short Film 2006 The Pity Card
17%
Web Series 2025 Tooned Out
17%
Film 2009 Up in the Air
17%
Short Film 2012 Will Ferrell & Zach Galifianakis Debate Children
17%
Film 2024 Winner
17%
Film 2009 Youth in Revolt
17%
Short Film 2012 Aids 2015
0%
TV Special 2018 A Legendary Christmas with John and Chrissy
0%
Documentary Series 2016 America Divided
0%
TV Show 2009, 2010 American Dad!
0%
TV Special 2013 Arcade Fire in Here Comes The Night Time
0%
TV Show 2016-2019 Baskets
0%
Film 2002 Below
0%
TV Show 2008-2018 Between Two Ferns with Zach Galifianakis
0%
Web Series 2020, 2021, 2023 Big Mouth
0%
TV Show 2012-2025 Bob's Burgers
0%
TV Show 2013 Brody Stevens: Enjoy It!
0%
TV Show 2019 Bubbies Know Best
0%
Music Video 2007 Can't Tell Me Nothing
0%
TV Show 2005 Cheap Seats: Without Ron Parker
0%
Documentary 2013 Comedy Warriors: Healing Through Humor
0%
TV Film 2008 David's Situation
0%
TV Mini-Series 2020 Dicktown
0%
TV Show 2006 Dog Bites Man
0%
TV Show 2007 Human Giant
0%
TV Show 2013, 2014 Kroll Show
0%
TV Show 2022 Last Week Tonight with John Oliver
0%
Film 2009 Little Fish, Strange Pond
0%
Documentary 2012 Mansome
0%
Music Video 2005 Not About Love
0%
Music Video 2012 Outta My System
0%
TV Show 2005, 2007 Reno 911!
0%
Short Film 2012 Smile
0%
TV Film 2008 Speed Freaks
0%
Documentary 2007 Super High Me
0%
TV Special 2011 The American Cinematheque Tribute to Robert Downey Jr.
0%
TV Show TBA The Audacity
0%
Documentary 2012 The Bitter Buddha
0%
Film 2022 The Bob's Burgers Movie
0%
TV Show 2016 The Chris Gethard Show
0%
TV Show 2013 The Chris Gethard Show: Public Access
0%
Web Series 2007 The Michael Showalter Showalter
0%
TV Show 2007 The Sarah Silverman Program.
0%
Film 2019 The Sunlit Night
0%
Short Film 2009 The Tig Series
0%
Documentary Series 2019 This Giant Beast That Is the Global Economy
0%
TV Show 2013, 2014 Tim & Eric's Bedtime Stories
0%
TV Show 2007-2010 Tim and Eric Awesome Show, Great Job!
0%
TV Special 2010 Tim and Eric Awesome Show, Great Job! Chrimbus Special
0%
TV Show 2007 Tim and Eric Nite Live
0%
Film 2012 Tim and Eric's Billion Dollar Movie
0%
TV Show 2006 Tom Goes to the Mayor
0%
TV Show 2014 TripTank
0%
TV Show 2003-2005 Tru Calling
0%
Film 2017 Tulip Fever
0%
Film 2008 Visioneers
0%
TV Show 2006 Wonder Showzen
0%
Music Video 2014 You in Your Were
0%
No matching quizzes found
Score Distribution
Percent of People with Each Score
Percentile by Number Answered
Your Score History
You have not taken this quiz since the last reset